All Country and USA Flags of the World - Statistics

General Stats
  • This quiz has been taken 31 times
  • The average score is 112 of 246
Answer Stats
Picture Answer % Correct
Kenya
100%
Ethiopia
94%
Central African Republic
88%
Colombia
81%
Ghana
81%
Libya
81%
Vietnam
81%
Austria
75%
Benin
75%
F.S. of Micronesia
75%
Kyrgyzstan
75%
Switzerland
75%
Tonga
75%
Uruguay
75%
Wyoming
75%
Guinea
69%
Oman
69%
Togo
69%
Bulgaria
63%
Comoros
63%
El Salvador
63%
Estonia
63%
Lebanon
63%
Nauru
63%
South Africa
63%
Angola
56%
Egypt
56%
Hawaii
56%
Illinois
56%
Iran
56%
Latvia
56%
Liberia
56%
Malawi
56%
Missouri
56%
Morocco
56%
Niger
56%
Nigeria
56%
Papua New Guinea
56%
Portugal
56%
Somalia
56%
Tanzania
56%
Tunisia
56%
Tuvalu
56%
Algeria
50%
Bolivia
50%
Botswana
50%
Brazil
50%
Burundi
50%
Cambodia
50%
Canada
50%
Cape Verde
50%
Chad
50%
Cyprus
50%
Denmark
50%
Eritrea
50%
Eswatini
50%
Germany
50%
Iowa
50%
Iraq
50%
Israel
50%
Italy
50%
Ivory Coast
50%
Jamaica
50%
Japan
50%
Lesotho
50%
Mexico
50%
Nepal
50%
Norway
50%
Pakistan
50%
Qatar
50%
Seychelles
50%
Sierra Leone
50%
South Korea
50%
Sweden
50%
Uganda
50%
Ukraine
50%
United Kingdom
50%
United States
50%
Venezuela
50%
Afghanistan
44%
Alaska
44%
Albania
44%
Andorra
44%
Argentina
44%
Australia
44%
Azerbaijan
44%
Bahrain
44%
Bangladesh
44%
Barbados
44%
Belarus
44%
Belgium
44%
Belize
44%
Bhutan
44%
Bosnia & Herzegovina
44%
Burkina Faso
44%
California
44%
Cameroon
44%
Chile
44%
China
44%
Colorado
44%
Croatia
44%
Czech Republic
44%
Djibouti
44%
Dominican Republic
44%
D.R. Congo
44%
Ecuador
44%
Fiji
44%
Finland
44%
France
44%
Gabon
44%
Gambia
44%
Georgia
44%
Greece
44%
Guinea-Bissau
44%
Haiti
44%
Hungary
44%
Iceland
44%
India
44%
Ireland
44%
Jordan
44%
Kazakhstan
44%
Kiribati
44%
Kosovo
44%
Liechtenstein
44%
Louisiana
44%
Luxembourg
44%
Madagascar
44%
Malaysia
44%
Mali
44%
Malta
44%
Mauritania
44%
Mauritius
44%
Moldova
44%
Monaco
44%
Mongolia
44%
Montana
44%
Montenegro
44%
Mozambique
44%
Netherlands
44%
New Jersey
44%
New Zealand
44%
Nicaragua
44%
North Korea
44%
North Macedonia
44%
Panama
44%
Poland
44%
Rep. of the Congo
44%
Romania
44%
Russia
44%
San Marino
44%
Sao Tome & Principe
44%
Saudi Arabia
44%
Senegal
44%
Serbia
44%
Singapore
44%
Slovakia
44%
South Sudan
44%
Spain
44%
Sri Lanka
44%
St. Kitts & Nevis
44%
Sudan
44%
Syria
44%
Taiwan
44%
Texas
44%
Thailand
44%
Turkey
44%
Turkmenistan
44%
Vatican City
44%
Washington
44%
Yemen
44%
Zambia
44%
Antigua and Barbuda
38%
Armenia
38%
Brunei
38%
Costa Rica
38%
Cuba
38%
Equatorial Guinea
38%
Guatemala
38%
Honduras
38%
Idaho
38%
Indonesia
38%
Laos
38%
Lithuania
38%
Michigan
38%
Minnesota
38%
Mississippi
38%
Namibia
38%
New Mexico
38%
Palau
38%
Paraguay
38%
Philippines
38%
Rwanda
38%
Samoa
38%
Slovenia
38%
South Carolina
38%
St. Vincent and the Grenadines
38%
Suriname
38%
Trinidad & Tobago
38%
Utah
38%
Uzbekistan
38%
Vanuatu
38%
Zimbabwe
38%
Alabama
31%
Arizona
31%
Arkansas
31%
Connecticut
31%
Delaware
31%
Dominica
31%
East Timor
31%
Florida
31%
Georgia
31%
Grenada
31%
Guyana
31%
Indiana
31%
Kansas
31%
Kuwait
31%
Maine
31%
Maldives
31%
Marshall Islands
31%
Maryland
31%
Massachusetts
31%
Nebraska
31%
Nevada
31%
New Hampshire
31%
New York
31%
North Carolina
31%
Ohio
31%
Oklahoma
31%
Oregon
31%
Pennsylvania
31%
Peru
31%
Rhode Island
31%
Solomon Islands
31%
South Dakota
31%
St. Lucia
31%
Tajikistan
31%
Tennessee
31%
United Arab Emirates
31%
Vermont
31%
Virginia
31%
West Virginia
31%
Bahamas
25%
Kentucky
25%
Myanmar
25%
North Dakota
25%
Wisconsin
25%
No matching quizzes found
Score Distribution
Percent of People with Each Score
Percentile by Number Answered
Your Score History
You have not taken this quiz